| 000 | 00374 a2200145 4500 | ||
|---|---|---|---|
| 040 |
_aDLC _bDLC |
||
| 082 |
_a891.4393 _bHIJ |
||
| 100 | _aNaseem Hijazi. | ||
| 245 |
_aGumshuda qaaflay _cNaseem Hijazi. |
||
| 260 |
_aLahore: _bJahangir Book Depot, _c1991. |
||
| 300 |
_a621 p. _c ; 24 cm. |
||
| 500 | _aIncludes Index | ||
| 650 | _a Urdu-fiction | ||
| 942 |
_cBK _k891.4393 NAS _2ddc |
||
| 999 |
_c5130 _d5130 |
||